01513nabaa22001817a 4500003000400000005001700004008004100021040000700062100002000069245029700089300001200386505064800398505009001046650002701136650003001163650002501193773011301218OSt20260122094240.0190701b xxu||||| |||| 00| 0 spa d cPJ aGarda, Juan B. 13aLa omisión de la licitación pública, consecuencias jurídicas y análisis crítico de la doctrina jurisprudencial de la CS :b¿es correcto decretar la “inexistencia” del contrato administrativo ante la omisión de la licitación pública exigida por la ley? /cJuan B. Garda. ap. 3-22 aSumario: I. Introducción.— II. La doctrina jurisprudencial de la CS: ante omisión de licitación pública deriva la inexistencia del contrato administrativo.— III. La licitación pública hace al “procedimiento” del contrato administrativo, no a su “forma”.— IV. Nulidad absoluta e inexistencia. Incongruencia de la doctrina jurisprudencial de la CS en materia de contratos administrativos a la luz de los principios del derecho público.— V. Las consecuencias muy distintas que producen la nulidad absoluta y la inexistencia de un contrato administrativo.— VI. Consideraciones finales. Mi respuesta al interrogante. t¿Te interesa el texto completo? Comunicate al correo: koha@justierradelfuego.gov.ar  0aDERECHO ADMINISTRATIVO 0aCONTRATOS ADMINISTRATIVOS 0aLICITACION PÚBLICA0 02842dBuenos Aires : AbeledoPerrot, 2012-oDA121tDerecho administrativo. Nº 146 marzo/abril 2023z18510590